| 000 | 00500nam a22001697a 4500 | ||
|---|---|---|---|
| 003 | OSt | ||
| 005 | 20140310181750.0 | ||
| 008 | 130626t xxu||||| |||| 00| 0 eng d | ||
| 020 | _a9789715082426 | ||
| 050 |
_aPZ 90 _b.Ib12 2004 |
||
| 082 |
_aFIL 372.64 _bIb1 2004 |
||
| 100 | _aIbardolaza, Honoel | ||
| 245 |
_aThe greediest of rajahs and the whitest of the clouds / _cHonoel Ibardolaza. |
||
| 260 |
_aPhilppines : _bAdarna House, _cc2004 |
||
| 300 |
_a30 p. : _bill. col. ; _c23 cm. |
||
| 942 |
_2lcc _cBK |
||
| 999 |
_c3178 _d3178 |
||